[Event "Canadian op"]
[Site "Toronto"]
[Date "2010.07.11"]
[Round "2"]
[White "Martchenko, Alexander"]
[Black "Rozentalis, Eduardas"]
[Result "0-1"]
[WhiteElo "2138"]
[BlackElo "2631"]
[PlyCount "65"]
[EventDate "2010.07.10"]
[EventType "swiss"]
[EventRounds "9"]
[EventCountry "CAN"]
[SourceTitle "CBM 137 Extra"]
[Source "ChessBase"]
[SourceDate "2010.09.01"]
[SourceVersion "1"]
[SourceVersionDate "2010.09.01"]
[SourceQuality "1"]

1. e4 e6 2. d4 d5 3. Nc3 Nc6 4. e5 Nge7 5. Nce2 Nf5 6. c3 f6 7. exf6 Qxf6 8. Nf3 Bd6 9. Ng3 0-0 10. Nxf5 exf5 11. Bd3 Re8+ 12. Kd2 f4 13. Qb3 Ne7 14. Re1 Bf5 15. Rxe7 Rxe7 16. Qxd5+ Be6 17. Qxb7 Rae8 18. Kc2 Bf7 19. Qxa7 Bg6 20. Qa6 Re2+ 21. Nd2 Rxf2 22. a4 Rxg2 23. a5 f3 24. Qc4+ Kf8 25. Qc6 Ree2 26. Qa8+ Ke7 27. a6 Qg5 28. Bxg6 Rxd2+ 29. Bxd2 Rxd2+ 30. Kb1 Qxg6+ 31. Ka2 Qe6+ 32. d5 Rxd5 33. Qxd5 0-1

[Event "CAN-ch U18"]
[Site "Toronto"]
[Date "2010.05.02"]
[Round "5"]
[White "Sapozhnikov, Roman"]
[Black "Martchenko, Alexander"]
[Result "1-0"]
[WhiteElo "2207"]
[BlackElo "2138"]
[PlyCount "97"]
[EventDate "2010.04.30"]
[EventType "swiss"]
[EventRounds "9"]
[EventCountry "CAN"]
[SourceTitle "CBM 136 Extra"]
[Source "ChessBase"]
[SourceDate "2010.07.02"]
[SourceVersion "2"]
[SourceVersionDate "2010.07.15"]
[SourceQuality "1"]

1. e4 e5 2. Nf3 Nc6 3. Bb5 a6 4. Ba4 Nf6 5. 0-0 b5 6. Bb3 Be7 7. Re1 0-0 8. d4 d6 9. c3 Bg4 10. d5 Na5 11. Bc2 c6 12. h3 Bh5 13. dxc6 Qc7 14. Nbd2 Rad8 15. Qe2 Rfe8 16. a4 Nc4 17. Nxc4 bxc4 18. Qxc4 Bxf3 19. gxf3 Qc8 20. Kg2 Nh5 21. b4 Bh4 22. Be3 Re6 23. Rh1 Rg6+ 24. Kf1 Rf6 25. b5 Rxf3 26. Ke2 Rf6 27. c7 Re8 28. b6 d5 29. exd5 Nf4+ 30. Kd2 Ng2 31. Qg4 Qb7 32. Qxg2 e4 33. Bxe4 Rxb6 34. Bxb6 Qxb6 35. Rab1 Qxc7 36. Qg4 Bxf2 37. Qf5 Be3+ 38. Kxe3 Qxc3+ 39. Kf2 Qd4+ 40. Kg2 g6 41. Qf3 Rxe4 42. Rhd1 Qe5 43. d6 Re2+ 44. Kf1 Re3 45. Qf2 Rxh3 46. Rb8+ Kg7 47. Qd4 Rh1+ 48. Kg2 Rh2+ 49. Kg1 1-0

[Event "CAN-ch U18"]
[Site "Toronto"]
[Date "2010.05.01"]
[Round "2"]
[White "Thavandiran, Shiyam"]
[Black "Martchenko, Alexander"]
[Result "0-1"]
[WhiteElo "2323"]
[BlackElo "2138"]
[PlyCount "104"]
[EventDate "2010.04.30"]
[EventType "swiss"]
[EventRounds "9"]
[EventCountry "CAN"]
[SourceTitle "CBM 136 Extra"]
[Source "ChessBase"]
[SourceDate "2010.07.02"]
[SourceVersion "2"]
[SourceVersionDate "2010.07.15"]
[SourceQuality "1"]

1. e4 d6 2. d4 Nf6 3. Nc3 e5 4. Nge2 Nbd7 5. h3 c6 6. g4 d5 7. exd5 Nxd5 8. Nxd5 cxd5 9. dxe5 Bc5 10. Bg2 Nxe5 11. 0-0 Be6 12. Nf4 0-0 13. Nxd5 Qh4 14. Be3 Bxg4 15. hxg4 Nxg4 16. Qxg4 Qxg4 17. Bxc5 Rfe8 18. Rad1 Re5 19. Rd4 Qe2 20. Rfd1 h5 21. Bd6 Rg5 22. Bf4 Rg6 23. Be3 Rg4 24. R1d2 Qe1+ 25. Kh2 Rxd4 26. Rxd4 Re8 27. Nc3 Qa1 28. Rd7 Qxb2 29. Bd4 Qxc2 30. Bd5 Qf5 31. Rxf7 Qxf7 32. Bxf7+ Kxf7 33. Bxa7 Rc8 34. Bd4 Rc4 35. Be5 g5 36. f3 Ke6 37. Bg7 Kf5 38. Kg3 h4+ 39. Kf2 g4 40. fxg4+ Rxg4 41. Bf8 h3 42. Bd6 Rg2+ 43. Kf3 Rd2 44. Nb5 Ke6 45. a3 Rxd6 46. Nxd6 Kxd6 47. Kg3 Kc5 48. Kxh3 Kc4 49. a4 Kb4 50. a5 Kxa5 51. Kg2 Kb4 52. Kf2 Kc3 0-1

[Event "Hart House Holiday op"]
[Site "Toronto"]
[Date "2009.12.19"]
[Round "3"]
[White "Moffat, Andrei"]
[Black "Martchenko, Alexander"]
[Result "1-0"]
[WhiteElo "2232"]
[BlackElo "2340"]
[PlyCount "69"]
[EventDate "2009.12.18"]
[EventType "swiss"]
[EventRounds "5"]
[EventCountry "CAN"]
[SourceTitle "EXT 2011"]
[Source "ChessBase"]
[SourceDate "2010.11.26"]
[SourceVersion "1"]
[SourceVersionDate "2010.11.26"]
[SourceQuality "1"]

1. d4 Nf6 2. c4 e6 3. Nc3 Bb4 4. e3 b6 5. a3 Bxc3+ 6. bxc3 Ba6 7. Bd3 Nc6 8. e4 e5 9. f4 exd4 10. cxd4 Nxd4 11. Bb2 Ne6 12. e5 Ng8 13. f5 Nc5 14. Nf3 d5 15. 0-0 dxc4 16. Bc2 Qxd1 17. Rfxd1 Ne7 18. f6 Ng6 19. fxg7 Rg8 20. Ng5 Nf4 21. e6 Ncxe6 22. Nxh7 Nd3 23. Nf6+ Ke7 24. Nxg8+ Rxg8 25. Bc3 Nxg7 26. Rd2 Ne6 27. Rf1 Bb7 28. Re2 c5 29. g3 Bd5 30. Rf5 Bc6 31. Re3 Rg4 32. Bf6+ Ke8 33. Rh5 Re4 34. Rxe4 Bxe4 35. Ba4+ 1-0

[Event "CAN-ch"]
[Site "Guelph"]
[Date "2009.08.12"]
[Round "5"]
[White "Martchenko, Alexander"]
[Black "Arsenault, Nicolas"]
[Result "1-0"]
[WhiteElo "2039"]
[BlackElo "2161"]
[PlyCount "37"]
[EventDate "2009.08.08"]
[EventType "swiss"]
[EventRounds "9"]
[EventCountry "CAN"]
[SourceTitle "CBM 132 Extra"]
[Source "ChessBase"]
[SourceDate "2009.11.03"]
[SourceVersion "1"]
[SourceVersionDate "2009.11.03"]
[SourceQuality "1"]

1. e4 e6 2. d4 d5 3. exd5 exd5 4. Nf3 Nc6 5. Bb5 Bd6 6. 0-0 Nge7 7. c4 a6 8. Bxc6+ Nxc6 9. Re1+ Be7 10. cxd5 Nb4 11. Nc3 Nxd5 12. Nxd5 Qxd5 13. Bg5 f6 14. Qe2 Qd8 15. Bf4 Bg4 16. Rac1 Rc8 17. d5 Bxf3 18. gxf3 Kf8 19. Qe6 1-0

[Event "CAN-ch"]
[Site "Guelph"]
[Date "2009.08.08"]
[Round "1"]
[White "Martchenko, Alexander"]
[Black "Bluvshtein, Mark"]
[Result "1/2-1/2"]
[WhiteElo "2039"]
[BlackElo "2558"]
[PlyCount "64"]
[EventDate "2009.08.08"]
[EventType "swiss"]
[EventRounds "9"]
[EventCountry "CAN"]
[SourceTitle "CBM 132 Extra"]
[Source "ChessBase"]
[SourceDate "2009.11.03"]
[SourceVersion "1"]
[SourceVersionDate "2009.11.03"]
[SourceQuality "1"]

1. e4 c5 2. Nf3 d6 3. d4 cxd4 4. Nxd4 Nf6 5. Nc3 Nc6 6. Bg5 e6 7. Qd2 Be7 8. 0-0-0 a6 9. f4 Bd7 10. Nf3 b5 11. Bd3 b4 12. Ne2 Qb6 13. e5 dxe5 14. fxe5 Nd5 15. Be4 Bxg5 16. Nxg5 Nxe5 17. Bxd5 exd5 18. Nf4 0-0 19. Nxd5 Qa5 20. Kb1 Bg4 21. Rde1 Ng6 22. Qxb4 Qxd5 23. Qxg4 Rab8 24. b3 a5 25. h4 Rb4 26. Qg3 h6 27. Ne6 Re8 28. h5 Rxe6 29. Rxe6 Qxe6 30. hxg6 fxg6 31. Re1 Qc6 32. Qd3 Kh7 1/2-1/2

[Event "CAN-ch U20"]
[Site "Victoria"]
[Date "2009.07.25"]
[Round "3"]
[White "Martchenko, Alexander"]
[Black "Sapozhnikov, Roman"]
[Result "1-0"]
[WhiteElo "2302"]
[BlackElo "2350"]
[PlyCount "167"]
[EventDate "2009.07.25"]
[EventType "swiss"]
[EventRounds "7"]
[EventCountry "CAN"]
[SourceTitle "EXT 2011"]
[Source "ChessBase"]
[SourceDate "2010.11.26"]
[SourceVersion "1"]
[SourceVersionDate "2010.11.26"]
[SourceQuality "1"]

1. e4 c5 2. Nf3 d6 3. Bb5+ Bd7 4. Bxd7+ Qxd7 5. c4 g6 6. Nc3 Bg7 7. d4 cxd4 8. Nxd4 Nf6 9. 0-0 0-0 10. h3 Rc8 11. b3 b5 12. Ndxb5 Nxe4 13. Bb2 Nc6 14. Re1 Nc5 15. Rb1 a6 16. Na3 Qf5 17. Re3 Ra7 18. Nd5 Bxb2 19. Rxb2 e6 20. Nc3 Rd8 21. Rd2 Rad7 22. Nc2 a5 23. Nd4 Nxd4 24. Rxd4 Qf6 25. Rd2 e5 26. Ne4 Nxe4 27. Rxe4 Qe6 28. Rd5 f5 29. Re2 f4 30. Qd3 g5 31. Rd2 h6 32. Rxa5 Qf6 33. Qe4 Kg7 34. Rad5 Qe6 35. c5 dxc5 36. Rxe5 Qf6 37. Re2 Rf8 38. Re6 Qf5 39. f3 Qxe4 40. R6xe4 Rd1+ 41. Kf2 Rc1 42. Rd2 Rf7 43. Ree2 Rc7 44. Rc2 Rb1 45. Re1 Rxe1 46. Kxe1 Ra7 47. Ke2 Kf6 48. Kd3 Ke6 49. Kc4 Kd6 50. Rd2+ Kc6 51. Re2 Kd6 52. a4 Rb7 53. Re8 Rb4+ 54. Kc3 Kd5 55. Rd8+ Ke5 56. Re8+ Kd5 57. Rd8+ Ke5 58. a5 Rb7 59. Rd2 Ra7 60. b4 cxb4+ 61. Kxb4 Kf5 62. Kb5 Re7 63. Ra2 Re5+ 64. Kc6 Re6+ 65. Kc7 Re7+ 66. Kd8 Ra7 67. Kc8 Kg6 68. Kb8 Rf7 69. a6 Rf8+ 70. Kb7 Rf7+ 71. Kb6 Rf6+ 72. Kc5 Rf5+ 73. Kd4 Rf8 74. a7 Ra8 75. Ke5 Kh5 76. Kd6 Kh4 77. Kc7 Rh8 78. a8Q Rxa8 79. Rxa8 Kg3 80. Ra2 h5 81. Kd6 Kh2 82. Ke5 Kg3 83. Kf6 Kh4 84. Kf5 1-0

[Event "CAN-ch U16"]
[Site "Victoria"]
[Date "2009.07.22"]
[Round "4"]
[White "Martchenko, Alexander"]
[Black "Geng, Tian Tian"]
[Result "1-0"]
[WhiteElo "2314"]
[BlackElo "1219"]
[PlyCount "71"]
[EventDate "2009.07.21"]
[EventType "swiss"]
[EventRounds "7"]
[EventCountry "CAN"]
[SourceTitle "EXT 2011"]
[Source "ChessBase"]
[SourceDate "2010.11.26"]
[SourceVersion "1"]
[SourceVersionDate "2010.11.26"]
[SourceQuality "1"]

1. e4 e5 2. Nf3 Nc6 3. Bb5 Bc5 4. 0-0 Nge7 5. c3 d5 6. Nxe5 Qd6 7. d4 Bb6 8. exd5 Qxd5 9. Bc4 Qe4 10. Bxf7+ Kf8 11. Nxc6 Kxf7 12. Nxe7 Qxe7 13. Re1 Qd6 14. Qf3+ Qf6 15. Qxf6+ Kxf6 16. Nd2 h6 17. Ne4+ Kf7 18. Bf4 g5 19. Be5 Rg8 20. f4 g4 21. b3 Bf5 22. Ng3 Bg6 23. f5 Bh7 24. Bf4 h5 25. Nxh5 Bxf5 26. Re5 Bg6 27. Rf1 Bxh5 28. Rxh5 Kg6 29. Rh6+ Kf5 30. Bxc7+ Kg5 31. Bf4+ Kf5 32. Rh5+ Kg6 33. Rg5+ Kh7 34. Rxg8 Rxg8 35. Kf2 Rc8 36. Bd2 1-0

[Event "Canadian op"]
[Site "Edmonton"]
[Date "2009.07.17"]
[Round "7"]
[White "Martchenko, Alexander"]
[Black "Yearwood, Roy"]
[Result "1/2-1/2"]
[WhiteElo "2039"]
[BlackElo "2073"]
[PlyCount "88"]
[EventDate "2009.07.11"]
[EventType "swiss"]
[EventRounds "9"]
[EventCountry "CAN"]
[SourceTitle "CBM 132 Extra"]
[Source "ChessBase"]
[SourceDate "2009.11.03"]
[SourceVersion "1"]
[SourceVersionDate "2009.11.03"]
[SourceQuality "1"]

1. e4 g6 2. d4 Bg7 3. Nc3 d6 4. Be3 a6 5. Qd2 b5 6. f4 Nf6 7. Bd3 0-0 8. 0-0-0 Ng4 9. Nf3 Nxe3 10. Qxe3 Nd7 11. g4 c5 12. e5 cxd4 13. Nxd4 dxe5 14. Nc6 Qb6 15. Nxe7+ Kh8 16. Qh3 Nc5 17. f5 Nxd3+ 18. Rxd3 gxf5 19. Nxf5 Bxf5 20. gxf5 Rad8 21. Rf1 Qh6+ 22. Kb1 Qxh3 23. Rxh3 f6 24. Ne4 Rd4 25. Nc5 Rfd8 26. a3 Rd1+ 27. Rxd1 Rxd1+ 28. Ka2 Bf8 29. Ne6 Be7 30. Rd3 Rxd3 31. cxd3 Bd6 32. h3 Kg8 33. Kb3 Kf7 34. Kc3 Ke7 35. d4 exd4+ 36. Kd3 Be5 37. b3 Kd6 38. Nxd4 Bxd4 39. Kxd4 Kc6 40. a4 bxa4 41. bxa4 Kd6 42. a5 Kc6 43. Kc4 h6 44. Kd4 Kd6 1/2-1/2